Relativistic jets from active galactic nuclei (Record no. 18349)

MARC details
000 -LEADER
fixed length control field 00727nam a2200229Ia 4500
003 - CONTROL NUMBER IDENTIFIER
control field IN-BaIIA
008 - FIXED-LENGTH DATA ELEMENTS--GENERAL INFORMATION
fixed length control field 211028s9999 xx 000 0 eng d
020 ## - INTERNATIONAL STANDARD BOOK NUMBER
International Standard Book Number 978-3-527-41037-8
040 ## - CATALOGING SOURCE
Transcribing agency IIA Library
080 ## - UNIVERSAL DECIMAL CLASSIFICATION NUMBER
Universal Decimal Classification number 524.64(082)
Item number REL
245 #0 - TITLE STATEMENT
Title Relativistic jets from active galactic nuclei
Statement of responsibility, etc. edited by Markus Bottcher, D. E. Harris and H. Krawczynski
260 ## - PUBLICATION, DISTRIBUTION, ETC.
Place of publication, distribution, etc. Weinheim
Name of publisher, distributor, etc. Wiley-VCH Verlag Gmbh
Date of publication, distribution, etc. 2012
300 ## - PHYSICAL DESCRIPTION
Extent xvi, 406p.
650 ## - SUBJECT ADDED ENTRY--TOPICAL TERM
Topical term or geographic name entry element Active galactic nuclei
9 (RLIN) 6209
650 ## - SUBJECT ADDED ENTRY--TOPICAL TERM
Topical term or geographic name entry element Jets
9 (RLIN) 11565
650 ## - SUBJECT ADDED ENTRY--TOPICAL TERM
Topical term or geographic name entry element Jets in AGN
9 (RLIN) 35168
650 ## - SUBJECT ADDED ENTRY--TOPICAL TERM
Topical term or geographic name entry element The Galaxy
9 (RLIN) 19124
700 ## - ADDED ENTRY--PERSONAL NAME
Personal name Bottcher, Markus, ed.
9 (RLIN) 35169
700 ## - ADDED ENTRY--PERSONAL NAME
Personal name Harris, Daniel E., ed.
9 (RLIN) 35170
700 ## - ADDED ENTRY--PERSONAL NAME
Personal name Krawczynski, Henric, ed.
9 (RLIN) 35171
942 ## - ADDED ENTRY ELEMENTS (KOHA)
Koha item type Books
Holdings
Withdrawn status Lost status Damaged status Not for loan Home library Current library Shelving location Date acquired Source of acquisition Cost, normal purchase price Total Checkouts Full call number Barcode Date last seen Cost, replacement price Price effective from Koha item type Purchase Price
        IIA Library-Bangalore IIA Library-Bangalore General Stacks 28/08/2012 SIP 7571.41   524.64(082)/ REL 19271 05/11/2021 7571.41 28/08/2012 Books Rs. 7571.41

Powered by Koha